[Event "Druzynowe Mistrzostwa Polski Juniorow - I Liga 2023"]
[Site "Lublin"]
[Date "1899-12-30"]
[Round "6.3"]
[White "Micula, Jakub"]
[Black "Dobosiewicz, Dawid"]
[Result "1/2-1/2"]
[WhiteTitle "I"]
[BlackTitle "I+"]
[WhiteElo "1666"]
[BlackElo "1808"]

1. d4 d5 2. c4 e6 3. Nf3 Nf6 4. g3 Be7 5. Bg2 O-O 6. O-O dxc4 7. Qc2 Bd7 8. Qxc4
Bc6 9. Nc3 a6 10. a3 b5 11. Qd3 Bb7 12. b4 Nbd7 13. Bf4 Nd5 14. Rac1 N7b6 15.
Nxd5 Nxd5 16. e4 Nxf4 17. gxf4 f5 18. Qb3 fxe4 19. Qxe6+ Kh8 20. Ne5 Bd5 21. Qh3
Kg8 22. Qe3 g5 23. f5 Rxf5 24. Bxe4 Bxe4 25. Qxe4 Rf4 26. Qb7 Bd6 27. Qd5+ Kg7
28. Rc3 Qg8 29. Qxg8+ Rxg8 30. Rd1 Rgf8 31. Rd2 Re4 32. Re3 Rff4 33. Rxe4 Rxe4
34. Kg2 h5 35. Nd7 Rh4 36. h3 g4 37. hxg4 Rxg4+ 38. Kh3 Rf4 39. Kg2 Rg4+ 40. Kh3
1/2-1/2

[Event "Druzynowe Mistrzostwa Polski Juniorow - I Liga 2023"]
[Site "Lublin"]
[Date "1899-12-30"]
[Round "6.4"]
[White "Goralski, Mateusz"]
[Black "Kozak, Karol"]
[Result "0-1"]
[WhiteTitle "II"]
[BlackTitle "I"]
[WhiteElo "1353"]
[BlackElo "1492"]

1. e4 c5 2. Nf3 d6 3. d4 cxd4 4. Nxd4 Nf6 5. Nc3 a6 6. Bg5 Nbd7 7. Bc4 Qb6 8. Bb3
e6 9. Qd2 Be7 10. f3 Nc5 11. O-O-O Bd7 12. g4 Rc8 13. h4 Qc7 14. h5 b5 15. Be3
b4 16. Nce2 a5 17. g5 Ng8 18. g6 a4 19. Bc4 Nxe4 20. fxe4 Qxc4 21. Kb1 Nf6 22.
h6 fxg6 23. hxg7 Rg8 24. Ng3 e5 25. Nf3 b3 26. axb3 axb3 27. cxb3 Qxb3 28. Qd3
Qxd3+ 29. Rxd3 Rxg7 30. Bh6 Rg8 31. Bg5 h5 32. Bxf6 Bxf6 33. Rxd6 Ke7 34. Rd3
Rgd8 35. Ra3 Bg4 36. Rh2 h4 37. Nxh4 Bxh4 38. Rxh4 Rd1+ 39. Ka2 Be6+ 0-1

[Event "Druzynowe Mistrzostwa Polski Juniorow - I Liga 2023"]
[Site "Lublin"]
[Date "1899-12-30"]
[Round "6.5"]
[White "Nowak, Zuzanna"]
[Black "Barwinska, Ewa"]
[Result "0-1"]
[WhiteTitle "I++"]
[BlackTitle "WCM"]
[WhiteElo "1419"]
[BlackElo "1953"]

1. e4 c5 2. Nf3 e6 3. c3 Nf6 4. e5 Nd5 5. d4 cxd4 6. cxd4 d6 7. Bb5+ Nc6 8. O-O
a6 9. Bc4 Be7 10. Re1 O-O 11. Nbd2 dxe5 12. dxe5 b5 13. Bf1 Qc7 14. Qe2 Bb7 15.
Nb3 Rfd8 16. Bd2 Ndb4 17. Rec1 Nd3 18. Ba5 Nxc1 19. Rxc1 Qd7 20. Bxd8 Rxd8 21.
Qe3 Nb4 22. a3 Nd5 23. Qd4 Rc8 24. Rxc8+ Qxc8 25. Na5 Ba8 26. h3 Bc5 27. Qh4 h6
28. Bd3 Nb6 29. Nb3 Na4 30. Nxc5 Nxc5 31. Be2 Na4 32. Qd4 Bd5 33. Qd2 Qc7 34.
Bd1 Nb6 35. Bc2 Bxf3 36. gxf3 Nc4 37. Qd4 Nxe5 38. Be4 g6 39. Kg2 Nc4 40. Bd3
Nb6 41. Qe3 Nd5 42. Qd2 Nf4+ 43. Kf1 Qd6 0-1

[Event "Druzynowe Mistrzostwa Polski Juniorow - I Liga 2023"]
[Site "Lublin"]
[Date "1899-12-30"]
[Round "6.6"]
[White "Skorupa, Antonina"]
[Black "Nowak, Emilia"]
[Result "0-1"]
[WhiteTitle "I"]
[BlackTitle "I"]
[WhiteElo "1203"]
[BlackElo "1307"]

1. d4 d5 2. c4 e6 3. Nf3 c5 4. cxd5 exd5 5. g3 Nc6 6. Bg2 Be6 7. O-O Nf6 8. Nc3
a6 9. a4 Bd6 10. dxc5 Bxc5 11. a5 h6 12. Bd2 Bb4 13. Qa4 O-O 14. Ne5 Qd6 15. Nxc6
bxc6 16. Ne4 Nxe4 17. Bxb4 c5 18. Bxe4 dxe4 19. Rfd1 Qe7 20. Ba3 Qb7 21. Bxc5
Rfc8 22. Bb6 Rc4 23. Qa3 Rac8 24. Qe3 Rc2 25. Rac1 Qc6 26. Rxc2 Qxc2 27. Qd2 Bh3
28. f3 exf3 29. exf3 Qb3 30. Qe2 Rc2 31. Rd3 Qxb2 32. Rd8+ Kh7 33. Qe4+ f5 34.
Qxc2 Qxc2 35. Bf2 Qc1+ 36. Be1 Qxe1# 0-1

[Event "Druzynowe Mistrzostwa Polski Juniorow - I Liga 2023"]
[Site "Lublin"]
[Date "1899-12-30"]
[Round "6.7"]
[White "Gradalski, Olaf"]
[Black "Wieczorek, Mikolaj"]
[Result "0-1"]
[WhiteTitle "k"]
[BlackTitle "I++"]
[WhiteElo "2061"]
[BlackElo "1962"]

1. d4 Nf6 2. c4 e6 3. Nc3 Bb4 4. e3 O-O 5. Bd3 c5 6. Nge2 d5 7. cxd5 exd5 8. dxc5
Bxc5 9. a3 a5 10. b3 Nc6 11. Bb2 Re8 12. O-O Bg4 13. Rc1 Qe7 14. Nb5 Bb6 15. Qc2
Bxe2 16. Qxe2 d4 17. e4 Rac8 18. Rfe1 Ne5 19. h3 Qd7 20. a4 Ng6 21. Qf3 Re5 22.
Qg3 h6 23. Qh2 Nh5 24. Be2 Nhf4 25. Bg4 Qe8 26. Ba3 Rxe4 27. Red1 d3 28. Nd6 d2
29. Qg3 dxc1=Q 30. Rxc1 Re1+ 31. Rxe1 0-1

[Event "Druzynowe Mistrzostwa Polski Juniorow - I Liga 2023"]
[Site "Lublin"]
[Date "1899-12-30"]
[Round "6.8"]
[White "Nagly, Wojciech"]
[Black "Sputowski, Jakub"]
[Result "1/2-1/2"]
[WhiteTitle "I"]
[BlackTitle "I"]
[WhiteElo "1817"]
[BlackElo "1780"]

1. d4 d5 2. Nf3 e6 3. e3 c5 4. c4 Nc6 5. Nc3 Nf6 6. a3 cxd4 7. exd4 Be7 8. Bd3
dxc4 9. Bxc4 O-O 10. O-O a6 11. Bf4 b5 12. Bb3 Na5 13. Bc2 Nc4 14. Rb1 Bb7 15.
Ne5 Rc8 16. Qd3 g6 17. Rfe1 Qb6 18. Bb3 Na5 19. Ba2 b4 20. axb4 Bxb4 21. Rbd1
Bxc3 22. bxc3 Qb2 23. Bc4 Nd5 24. Bh6 Rfe8 25. Qf3 f5 26. Bxd5 Bxd5 27. Qg3 Qb7
28. Nxg6 hxg6 29. Qxg6+ Kh8 30. Bg5 Rf8 31. Bf6+ Rxf6 32. Qxf6+ Qg7 33. Qxg7+
Kxg7 34. Ra1 Nb3 35. Rxa6 Rxc3 36. Ra4 Rd3 37. h3 Nxd4 38. Ra7+ Kg6 39. Rea1 Nb3
40. R1a4 Rd4 41. Rxd4 Nxd4 42. f3 Nc6 43. Ra6 Kg5 44. Kf2 f4 45. Ra4 Ne7 46. h4+
Kxh4 47. Rxf4+ Kg5 48. Rf7 Nc6 49. Rg7+ Kf6 50. Rc7 Ne7 51. g4 Ng6 52. Ra7 Ne5
53. Ra3 Kg5 54. Kg3 Nxf3 55. Rxf3 Bxf3 56. Kxf3 e5 57. Ke4 Kxg4 1/2-1/2

[Event "Druzynowe Mistrzostwa Polski Juniorow - I Liga 2023"]
[Site "Lublin"]
[Date "1899-12-30"]
[Round "6.9"]
[White "Liskiewicz, Jakub"]
[Black "Gibala, Adam"]
[Result "1/2-1/2"]
[WhiteTitle "I++"]
[BlackTitle "I"]
[WhiteElo "1970"]
[BlackElo "1763"]

1. Nf3 d5 2. g3 c5 3. Bg2 g6 4. O-O Bg7 5. d3 e6 6. e4 Ne7 7. Nbd2 O-O 8. Re1 Nbc6
9. Nf1 e5 10. exd5 Nxd5 11. Ne3 Be6 12. Nxd5 Bxd5 13. c4 Bxf3 14. Bxf3 Qd6 15.
Be3 Rac8 16. a3 b6 17. Qc2 h5 18. Rad1 Qf6 19. Be4 Kh7 20. Qe2 Kg8 21. Qd2 Qd6
22. Re2 Ne7 23. Bg2 a5 24. b4 axb4 25. axb4 cxb4 26. Rb1 e4 27. Bxe4 Bc3 28. Qc2
b5 29. cxb5 Nd5 30. Qb3 Nxe3 31. Rxe3 Kg7 32. Bd5 Rc5 33. Bc4 Rf5 34. Re4 Qc5
35. Qa2 1/2-1/2

[Event "Druzynowe Mistrzostwa Polski Juniorow - I Liga 2023"]
[Site "Lublin"]
[Date "1899-12-30"]
[Round "6.10"]
[White "Dobrowolski, Kamil"]
[Black "Przybylski, Jan"]
[Result "1/2-1/2"]
[WhiteTitle "II"]
[BlackTitle "I+"]
[WhiteElo "1539"]
[BlackElo "1767"]

1. e4 e5 2. Nf3 Nc6 3. Bb5 a6 4. Ba4 Nf6 5. O-O Be7 6. d3 b5 7. Bb3 O-O 8. Nc3
d6 9. a3 Be6 10. Be3 Qd7 11. Qe2 h6 12. Ba2 Bxa2 13. Rxa2 d5 14. exd5 Nxd5 15.
Nxd5 Qxd5 16. Raa1 f5 17. Rfe1 Bf6 18. Rad1 Rfe8 19. c3 Rad8 20. Qc2 f4 21. Bc1
Re7 22. c4 Qd6 23. cxb5 axb5 24. b4 Qd5 25. Bb2 Rd6 26. Rc1 Ree6 27. Red1 g5 28.
Qc5 Kf7 29. Kf1 Qb3 30. Qc3 Qxc3 31. Bxc3 Re8 32. Rd2 Ke6 33. h3 h5 34. Re1 g4
35. hxg4 hxg4 36. Nxe5 Bxe5 37. Bxe5 Nxe5 38. d4 Kf5 39. Rdd1 Ra6 40. Ra1 Ree6
41. Rxe5+ Rxe5 42. dxe5 Kxe5 43. Ke2 Rc6 44. Ra2 Rc1 45. a4 bxa4 46. Rxa4 Rc2+
47. Ke1 Kd4 48. Ra1 Kc4 49. Ra5 g3 50. fxg3 fxg3 51. Rc5+ Kb3 52. Rxc2 Kxc2 53.
Ke2 Kc3 54. b5 Kc4 55. Kf3 Kxb5 56. Kxg3 c5 57. Kf2 1/2-1/2

[Event "Druzynowe Mistrzostwa Polski Juniorow - I Liga 2023"]
[Site "Lublin"]
[Date "1899-12-30"]
[Round "6.11"]
[White "Mroz, Lena"]
[Black "Kulczycka, Zofia"]
[Result "1-0"]
[WhiteTitle "I++"]
[BlackTitle "I+"]
[WhiteElo "1691"]
[BlackElo "1470"]

1. e4 c5 2. Nf3 Nc6 3. d4 cxd4 4. Nxd4 g6 5. g3 Bg7 6. Ne2 d6 7. Bg2 Nf6 8. Nbc3
O-O 9. O-O Rb8 10. a4 a6 11. h3 b5 12. axb5 axb5 13. Rb1 e6 14. b3 Qc7 15. Bf4
Rd8 16. Qd2 Nh5 17. Bg5 Rd7 18. g4 Nf6 19. Ng3 Ba6 20. Rfd1 Rc8 21. Nce2 Ne7 22.
c3 Bb7 23. Rbc1 Ba6 24. Qe3 e5 25. Qf3 Ne8 26. Qd3 h6 27. Bxe7 Rxe7 28. Nf1 Rd7
29. Ne3 Nf6 30. c4 bxc4 31. bxc4 Qc5 32. Rd2 Bf8 33. Ra2 Rc6 34. Ra4 Rdc7 35.
Rca1 Bc8 36. Ra5 Qb4 37. Rb5 1-0

[Event "Druzynowe Mistrzostwa Polski Juniorow - I Liga 2023"]
[Site "Lublin"]
[Date "1899-12-30"]
[Round "6.12"]
[White "Klintsevich, Aliaksandra"]
[Black "Lajdamik, Kinga"]
[Result "1-0"]
[WhiteTitle "I"]
[BlackTitle "I++"]
[WhiteElo "1437"]
[BlackElo "1440"]

1. d4 Nf6 2. c4 e6 3. Nc3 Bb4 4. e3 O-O 5. Bd3 c5 6. Nf3 d5 7. O-O cxd4 8. exd4
dxc4 9. Bxc4 b6 10. a3 Bxc3 11. bxc3 Qc7 12. Qd3 Bb7 13. Ne5 Nbd7 14. Nxd7 Nxd7
15. Bb3 Nf6 16. c4 Rfd8 17. Bg5 Ng4 18. f4 Qc6 19. Ra2 f6 20. Bh4 Nh6 21. d5 exd5
22. cxd5 Qc5+ 23. Bf2 Qd6 24. a4 Ng4 25. Qd4 Nxf2 26. Raxf2 Kh8 27. Rd1 Rd7 28.
h4 Rad8 29. Rfd2 g6 30. g4 Kg7 31. g5 h6 32. gxh6+ Kxh6 33. Rd3 Qf8 34. f5 Rd6
35. Qf4+ Kg7 36. Rg3 Rxd5 37. Rxg6+ Kf7 38. Qc7+ R8d7 39. Qxd7+ 1-0

[Event "Druzynowe Mistrzostwa Polski Juniorow - I Liga 2023"]
[Site "Lublin"]
[Date "1899-12-30"]
[Round "6.13"]
[White "Kaliszuk, Kamil"]
[Black "Sidorczuk, Pawel"]
[Result "0-1"]
[WhiteTitle "k"]
[BlackTitle "I+"]
[WhiteElo "2249"]
[BlackElo "2013"]

1. e4 e5 2. Nf3 Nc6 3. Bb5 a6 4. Ba4 Nf6 5. O-O Nxe4 6. d4 b5 7. Bb3 d5 8. dxe5
Be6 9. Qe2 Be7 10. Rd1 O-O 11. c4 bxc4 12. Bxc4 Bc5 13. Be3 Bxe3 14. Qxe3 Qb8
15. Bb3 Na5 16. Nbd2 Nxd2 17. Rxd2 Nxb3 18. axb3 Qb6 19. Qxb6 cxb6 20. Nd4 Rfc8
21. f4 g6 22. Kf2 Rc5 23. Kf3 Bf5 24. g4 Be4+ 25. Ke3 a5 26. Ne2 Rac8 27. Ra3
Rc2 28. Nc3 Rc1 29. Nxd5 Bxd5 30. Rxd5 Re1+ 31. Kf2 Re4 32. Kf3 Rb4 33. Rd2 Rc1
34. Rf2 Re1 35. Kg3 g5 36. fxg5 Rxe5 37. h3 Rxg5 38. Rf4 Rgb5 39. Rf3 Kg7 40.
Re3 Kf6 41. Kf2 Kg5 42. Kg3 h5 43. gxh5 Kxh5 44. Rf3 f5 45. Rd3 f4+ 46. Kf2 Kh4
47. Rc3 Kg5 48. Rd3 Kf5 49. Kf3 Re4 50. Kf2 Rbe5 51. Rd6 Re2+ 52. Kf1 Re1+ 53.
Kf2 R5e2+ 54. Kf3 Rxb2 55. Rd5+ Re5 56. Rxe5+ Kxe5 57. h4 Kf5 58. h5 Rh2 59. Ra4
Rh3+ 60. Kg2 Rxb3 0-1

[Event "Druzynowe Mistrzostwa Polski Juniorow - I Liga 2023"]
[Site "Lublin"]
[Date "1899-12-30"]
[Round "6.14"]
[White "Smetek, Michal"]
[Black "Czernecki, Andrzej"]
[Result "1/2-1/2"]
[WhiteTitle "I++"]
[BlackTitle "I"]
[WhiteElo "1956"]
[BlackElo "1796"]

1. d4 Nf6 2. c4 e6 3. g3 d5 4. Nf3 Be7 5. Bg2 O-O 6. O-O dxc4 7. Qa4 a6 8. Qxc4
b5 9. Qc2 Bb7 10. Bf4 Nc6 11. Rd1 Nb4 12. Qc1 Nbd5 13. Nbd2 Nxf4 14. gxf4 Ra7
15. Nb3 Qa8 16. Ne1 Bxg2 17. Nxg2 Rc8 18. Qe3 Nd5 19. Qc1 c5 20. dxc5 Rac7 21.
Qd2 Bxc5 22. Nxc5 Rxc5 23. Rac1 h6 24. Rxc5 Rxc5 25. f5 exf5 26. Rc1 Qc6 27. Rxc5
Qxc5 28. Ne1 Qc4 29. b3 Qc3 30. Qxd5 Qxe1+ 31. Kg2 Qxe2 32. Qxf5 Qe8 33. Kf3 1/2-1/2

[Event "Druzynowe Mistrzostwa Polski Juniorow - I Liga 2023"]
[Site "Lublin"]
[Date "1899-12-30"]
[Round "6.15"]
[White "Witczak, Borys"]
[Black "Ladon, Tymoteusz"]
[Result "1-0"]
[WhiteTitle "I"]
[BlackTitle "II"]
[WhiteElo "1856"]
[BlackElo "1336"]

1. d4 Nf6 2. c4 g6 3. Nc3 Bg7 4. e4 d6 5. Be2 O-O 6. Be3 e5 7. d5 Na6 8. g4 Nc5
9. f3 a5 10. h4 c6 11. h5 cxd5 12. cxd5 a4 13. Qd2 Bd7 14. Bh6 Bxh6 15. Qxh6 Qe7
16. Nh3 Rfc8 17. Nd1 Kh8 18. hxg6 fxg6 19. Ng5 Qg7 20. Qh4 b5 21. Ne3 a3 22. b3
Na6 23. Kd2 Nb4 24. Rag1 Nxa2 25. Nf5 gxf5 26. gxf5 h5 27. f4 exf4 28. Bxh5 Nxe4+
29. Nxe4 Qd4+ 30. Ke1 Qb4+ 31. Kf1 1-0

[Event "Druzynowe Mistrzostwa Polski Juniorow - I Liga 2023"]
[Site "Lublin"]
[Date "1899-12-30"]
[Round "6.16"]
[White "Iwan, Patryk"]
[Black "Rajbharath, Harjith"]
[Result "0-1"]
[WhiteTitle "II"]
[BlackTitle "II"]
[WhiteElo "1247"]
[BlackElo "1449"]

1. e4 e6 2. d4 d5 3. Nd2 c5 4. exd5 Qxd5 5. Ngf3 cxd4 6. Bc4 Qd7 7. O-O Nc6 8.
Nb3 Nf6 9. Nbxd4 a6 10. Nxc6 Qxc6 11. Bb3 Bc5 12. Bg5 Nd7 13. Re1 O-O 14. Qd2
b5 15. Rad1 Nb6 16. c3 Bb7 17. Bc2 Nc4 18. Qc1 Qb6 19. Bf6 Bxf2+ 20. Kh1 Be3 21.
Bxh7+ Kh8 22. Qc2 gxf6 23. Nd4 Bg5 24. Rd3 Ne5 25. Rh3 Kg7 26. Bf5 Rh8 27. Nxe6+
fxe6 28. Bh7 f5 29. Qe2 Ng4 30. Bxf5 Nf2+ 31. Kg1 Nxh3+ 32. Kh1 Nf2+ 33. Kg1 Ng4+
34. Kf1 Nxh2# 0-1

[Event "Druzynowe Mistrzostwa Polski Juniorow - I Liga 2023"]
[Site "Lublin"]
[Date "1899-12-30"]
[Round "6.17"]
[White "Biliak, Viktoria"]
[Black "Pastuszko, Katarzyna"]
[Result "1-0"]
[WhiteTitle "II"]
[BlackTitle "I++"]
[WhiteElo "1612"]
[BlackElo "1312"]

1. e4 e5 2. Nf3 Nc6 3. d4 exd4 4. Nxd4 Nf6 5. Nxc6 bxc6 6. e5 Nd5 7. c4 Nb6 8.
Nd2 Be7 9. Bd3 O-O 10. Qh5 g6 11. Qe2 d6 12. f4 dxe5 13. fxe5 Bh4+ 14. g3 Re8
15. gxh4 Qxh4+ 16. Kd1 Bg4 17. Nf3 Qh5 18. Rf1 Rxe5 19. Qf2 Rd8 20. Kc2 Rxd3 21.
Nxe5 Bf5 22. Nxd3 Qh3 23. Qe2 Nxc4 24. Bf4 Nd6 25. Bxd6 cxd6 26. Rxf5 1-0

[Event "Druzynowe Mistrzostwa Polski Juniorow - I Liga 2023"]
[Site "Lublin"]
[Date "1899-12-30"]
[Round "6.18"]
[White "Malicka, Magdalena"]
[Black "Kaminska, Zuzanna"]
[Result "1-0"]
[WhiteTitle "I++"]
[BlackTitle "I"]
[WhiteElo "1260"]
[BlackElo "1312"]

1. e4 e5 2. Nc3 Nf6 3. Bc4 Nc6 4. d3 Bc5 5. f4 exf4 6. Bxf4 d6 7. Nf3 Ng4 8. Ng5
Nge5 9. Bb3 h6 10. Bxe5 Qxg5 11. Bg3 Nd4 12. Nd5 Bg4 13. Qd2 Qxd2+ 14. Kxd2 Nxb3+
15. axb3 Kd7 16. Rhf1 Be6 17. Nf4 h5 18. Bf2 Bxf2 19. Rxf2 Rh6 20. Raf1 Rf8 21.
d4 Ke7 22. c4 c5 23. dxc5 dxc5 24. Nd3 b6 25. Kc3 f6 26. b4 Rc8 27. bxc5 bxc5
28. Nf4 g5 29. Nd5+ Bxd5 30. exd5 Re8 31. Ra1 Ra8 32. Ra6 g4 33. g3 Rg6 34. Rc6
a5 35. Rxc5 a4 36. Rb5 a3 37. bxa3 Rxa3+ 38. Rb3 Rxb3+ 39. Kxb3 Kd6 40. Rf5 Rh6
41. Kb4 Rg6 42. Rxh5 Rg7 43. c5+ Kd7 44. Kc4 Kc7 45. Kd4 Kd7 46. Ke4 Ke7 47. Kf4
Kd7 48. Ke4 Ke7 49. d6+ Ke6 50. Rd5 Ra7 51. d7 Rxd7 52. Rxd7 Kxd7 53. Kf5 Kc6
54. Kxf6 Kxc5 55. Kf5 Kd6 56. Kxg4 Ke7 57. h4 Kf6 58. h5 Kg7 59. Kf5 Kh8 60. g4
Kg8 61. g5 Kh8 62. Kf6 Kg8 63. Kg6 Kh8 64. Kh6 Kg8 65. g6 Kh8 66. Kg5 Kg8 1-0

[Event "Druzynowe Mistrzostwa Polski Juniorow - I Liga 2023"]
[Site "Lublin"]
[Date "1899-12-30"]
[Round "6.19"]
[White "Klim, Filip"]
[Black "Maciaszek, Karol"]
[Result "1-0"]
[WhiteTitle "k"]
[BlackTitle "I"]
[WhiteElo "1988"]
[BlackElo "1731"]

1. e4 c5 2. Nf3 e6 3. d4 cxd4 4. Nxd4 Nf6 5. Nc3 Nc6 6. Ndb5 Bc5 7. Nd6+ Ke7 8.
Bf4 e5 9. Nf5+ Kf8 10. Bg5 Bb4 11. Ne3 h6 12. Bxf6 Bxc3+ 13. bxc3 Qxf6 14. Bc4
d6 15. O-O Kg8 16. Qd2 Kh7 17. Nd5 Qg6 18. f4 Rd8 19. f5 Qg5 20. Qe1 Rd7 21. Rf3
Qd8 22. f6 g6 23. Rh3 Qf8 24. Qe3 Rd8 25. Rh4 Be6 26. g4 Rac8 27. g5 h5 28. Be2
Qh8 29. Rb1 Rd7 30. Qg3 Na5 31. Bxh5 gxh5 32. Rxh5+ Kg6 33. Rh6+ Qxh6 34. gxh6+
Kxh6 35. Qh4+ Kg6 36. Kh1 1-0

[Event "Druzynowe Mistrzostwa Polski Juniorow - I Liga 2023"]
[Site "Lublin"]
[Date "1899-12-30"]
[Round "6.20"]
[White "Rajlich, Vaclav"]
[Black "Bartodziej, Bartosz"]
[Result "1/2-1/2"]
[WhiteTitle "I"]
[BlackTitle "I+"]
[WhiteElo "1572"]
[BlackElo "1836"]

1. e4 c5 2. Nf3 d6 3. d4 cxd4 4. Nxd4 Nf6 5. Nc3 a6 6. Bg5 e6 7. f4 h6 8. Bh4 Qb6
9. a3 Be7 10. Bf2 Qc7 11. Qf3 Nbd7 12. O-O-O b5 13. g4 Bb7 14. h4 Nc5 15. Bd3
h5 16. gxh5 Nxh5 17. f5 e5 18. Nde2 Rc8 19. Kb1 Nf6 20. Be3 Bc6 21. Ng3 Qb7 22.
h5 b4 23. axb4 Qxb4 24. Bxc5 dxc5 25. Na2 Qb7 26. h6 Rb8 27. b3 gxh6 28. Rde1
Bb5 29. Bxb5+ Qxb5 30. Nc3 Qb7 31. Nd5 c4 32. Re3 a5 33. Qe2 Rc8 34. Nxf6+ Bxf6
35. Nh5 Bg5 36. Rc3 Qb4 37. Rxc4 Rxc4 38. Qxc4 Qxc4 39. bxc4 Ke7 40. Rd1 Rb8+
41. Ka2 Rb4 42. Rd5 Rxc4 43. Rxe5+ Kd6 44. Rd5+ Kc6 45. Rxa5 Rxe4 46. Kb2 Re3
47. Ra6+ Kb7 48. Rd6 Kc7 49. Ra6 Kb7 50. Rd6 Kc7 51. Ra6 Rh3 52. Nf6 Rf3 53. Ng8
h5 54. Ra7+ Kd8 55. Rxf7 Ke8 56. Rh7 Rxf5 57. Rxh5 Kf8 58. Rxg5 Rxg5 59. Nf6 Ke7
60. Ne4 Re5 61. Nd2 1/2-1/2

[Event "Druzynowe Mistrzostwa Polski Juniorow - I Liga 2023"]
[Site "Lublin"]
[Date "1899-12-30"]
[Round "6.21"]
[White "Nawalaniec, Adam"]
[Black "Kisiel, Dominik"]
[Result "1-0"]
[WhiteTitle "I++"]
[BlackTitle "II"]
[WhiteElo "1926"]
[BlackElo "1343"]

1. e4 Nf6 2. Nc3 e5 3. Bc4 Bc5 4. d3 h6 5. Nf3 Nc6 6. O-O d6 7. h3 O-O 8. Be3 Bxe3
9. fxe3 Be6 10. Bxe6 fxe6 11. d4 exd4 12. exd4 e5 13. d5 Ne7 14. Nh4 c6 15. dxc6
bxc6 16. Kh1 d5 17. Qe2 Qd6 18. a3 a5 19. Rfe1 dxe4 20. Qc4+ Kh8 21. Rad1 Qb8
22. Qc5 Re8 23. b3 Ned5 24. Nxe4 Qb5 25. Qxb5 cxb5 26. Nd6 Re6 27. Nxb5 Rb8 28.
c4 Nf4 29. g3 Nxh3 30. Kg2 Ng5 31. Ng6+ Kh7 32. Nxe5 Rbe8 33. Nc7 Rxe5 34. Nxe8
Rxe8 35. Rxe8 Nxe8 36. Rd5 a4 37. b4 Nc7 38. Rc5 Nce6 39. Rc8 Nd4 40. b5 Ne4 41.
b6 Nd6 42. Rc7 Nc2 43. c5 Nb5 44. b7 Nxc7 45. b8=Q Nd5 46. c6 Nxa3 47. Qe5 Nc2
48. Qe4+ Kh8 49. Qxa4 Nce3+ 50. Kf3 Kg8 51. Qe4 Kf7 52. Qe5 Kf8 53. Qd6+ Ke8 54.
c7 Ne7 55. Qd8+ Kf7 56. Kxe3 1-0

[Event "Druzynowe Mistrzostwa Polski Juniorow - I Liga 2023"]
[Site "Lublin"]
[Date "1899-12-30"]
[Round "6.22"]
[White "Bombinski, Michal"]
[Black "Klim, Juliusz"]
[Result "0-1"]
[WhiteTitle "II"]
[BlackTitle "I+"]
[WhiteElo "1248"]
[BlackElo "1708"]

1. c4 e6 2. Nc3 d5 3. cxd5 exd5 4. d4 c6 5. Nf3 Nf6 6. Bg5 Bd6 7. a3 O-O 8. e3
h6 9. Bh4 Bf5 10. Bd3 Bxd3 11. Qxd3 Nbd7 12. O-O Qc7 13. Rac1 a6 14. Bxf6 Nxf6
15. h3 Rfe8 16. b4 Qe7 17. Na4 a5 18. Nc5 axb4 19. axb4 b6 20. Nb3 Rec8 21. b5
c5 22. dxc5 bxc5 23. Qe2 Qb7 24. Ra1 Ne4 25. Nbd2 Nc3 26. Qd3 Nxb5 27. Rfb1 Rxa1
28. Rxa1 Qc6 29. Rb1 c4 30. Qf5 g6 31. Qg4 h5 32. Qg5 c3 33. Nb3 c2 34. Rc1 Ba3
35. Nbd4 Nxd4 36. Nxd4 Bxc1 37. Nxc6 Rxc6 38. Qxd5 Bxe3 39. Qxc6 c1=Q+ 40. Qxc1
Bxc1 41. Kh2 f6 42. Kg3 Kf7 43. Kf3 Ke6 44. g4 hxg4+ 45. hxg4 g5 46. Ke4 Bf4 47.
f3 Be5 48. Ke3 Kd5 49. Kd3 Bd4 50. Ke2 Ke5 51. Kd3 Ba7 52. Ke2 Kf4 53. Kf1 Kxf3
54. Ke1 Kxg4 55. Kf1 Kf3 56. Ke1 g4 0-1

[Event "Druzynowe Mistrzostwa Polski Juniorow - I Liga 2023"]
[Site "Lublin"]
[Date "1899-12-30"]
[Round "6.23"]
[White "Sprzeczka, Emilia"]
[Black "Kicinska, Magdalena"]
[Result "1-0"]
[WhiteTitle "I++"]
[BlackTitle "I++"]
[WhiteElo "1769"]
[BlackElo "1562"]

1. e4 c6 2. Nf3 d5 3. Nc3 Bg4 4. h3 Bxf3 5. Qxf3 e6 6. d4 Nf6 7. exd5 cxd5 8. Bd3
a6 9. Ne2 Nc6 10. c3 Bd6 11. Bg5 b5 12. b4 Rc8 13. O-O Be7 14. a4 Qb6 15. axb5
axb5 16. Nc1 O-O 17. Qg3 Nh5 18. Qh4 Bxg5 19. Qxh5 h6 20. Nb3 Ra8 21. Rxa8 Rxa8
22. f4 Bf6 23. Nc5 Rd8 24. Kh1 Ne7 25. Qe2 Nf5 26. Kh2 Nd6 27. Ra1 Nc4 28. g3
Qc6 29. Ra6 Qc7 30. h4 Rd6 31. Ra2 Rd8 32. Bb1 Rb8 33. Na6 Qb7 34. Nxb8 Qxb8 35.
h5 Nd6 36. Ra5 Nc4 37. Ra6 Qb7 38. Qa2 1-0

[Event "Druzynowe Mistrzostwa Polski Juniorow - I Liga 2023"]
[Site "Lublin"]
[Date "1899-12-30"]
[Round "6.24"]
[White "Kicinska, Anna"]
[Black "Izafatava, Kira"]
[Result "0-1"]
[WhiteTitle "I++"]
[BlackTitle "I"]
[WhiteElo "1424"]
[BlackElo "1423"]

1. d4 d5 2. Nf3 Nf6 3. Bg5 Ne4 4. Bh4 c5 5. dxc5 Nc6 6. c3 f6 7. Nfd2 Nxc5 8. e3
Bf5 9. Nb3 e5 10. Be2 Qd7 11. Nxc5 Bxc5 12. Bh5+ Bg6 13. Nd2 Qf7 14. Bf3 Rd8 15.
O-O O-O 16. Qb3 Bd3 17. Rfe1 Na5 18. Qd1 Nc4 19. Nxc4 dxc4 20. Qa4 e4 21. Be2
Qd7 22. Qxd7 Rxd7 23. b3 b5 24. b4 Bb6 25. g4 Rfd8 26. g5 fxg5 27. Bxg5 Rf8 28.
Bg4 Rd6 29. Kh1 Rg6 30. h4 Rxf2 31. Bh5 Re6 32. Bf4 Rxf4 33. exf4 Rh6 34. Be8
Rxh4+ 35. Kg2 Rxf4 36. Bxb5 e3 37. Bc6 Rf2+ 38. Kg3 Bc7+ 39. Kh4 e2 40. a4 Be5
41. Rac1 Rf1 42. Bg2 Rxe1 43. Rxe1 Bxc3 44. Bd5+ Kf8 0-1

[Event "Druzynowe Mistrzostwa Polski Juniorow - I Liga 2023"]
[Site "Lublin"]
[Date "1899-12-30"]
[Round "6.25"]
[White "Malinowski, Szymon"]
[Black "Karut, Kacper"]
[Result "1/2-1/2"]
[WhiteTitle "I++"]
[BlackTitle "I"]
[WhiteElo "1951"]
[BlackElo "1954"]

1. d4 Nf6 2. Bf4 g6 3. e3 Bg7 4. Nf3 d6 5. h3 O-O 6. Be2 c5 7. c3 Qb6 8. Qb3 Be6
9. Qxb6 axb6 10. a3 cxd4 11. cxd4 Nd5 12. Bg3 Bd7 13. Nc3 Nxc3 14. bxc3 Bc6 15.
O-O Nd7 16. Rfb1 Ra5 17. Nd2 Rfa8 18. Nc4 R5a6 19. Rb3 Ba4 20. Rb4 Bc6 21. Rb3
Ba4 22. Rb4 Bc6 23. Rab1 d5 24. Nxb6 Rxb6 25. Rxb6 Nxb6 26. Rxb6 Rxa3 27. c4 dxc4
28. Bxc4 e6 29. Bd6 Ra1+ 30. Kh2 Bf8 31. Be5 Bg7 32. Bd6 1/2-1/2

[Event "Druzynowe Mistrzostwa Polski Juniorow - I Liga 2023"]
[Site "Lublin"]
[Date "1899-12-30"]
[Round "6.26"]
[White "Kotowicz, Kamil"]
[Black "Trzebinski, Patryk"]
[Result "0-1"]
[WhiteTitle "I"]
[BlackTitle "I++"]
[WhiteElo "1814"]
[BlackElo "1934"]

1. d4 d5 2. Nf3 c6 3. e3 Nf6 4. c4 e6 5. Nc3 Nbd7 6. Bd3 dxc4 7. Bxc4 b5 8. Bd3
a6 9. O-O c5 10. Qe2 Bb7 11. Rd1 Qc7 12. e4 cxd4 13. Nxd4 Bc5 14. Nb3 O-O 15.
Bg5 Bb6 16. Rac1 Qe5 17. Bh4 Rac8 18. Bg3 Qg5 19. e5 Nh5 20. Ne4 Nxg3 21. hxg3
Qxe5 22. Rxc8 Rxc8 23. Nd6 Rb8 24. Qc2 Bd5 25. Nc8 Qxg3 26. Ne7+ Kh8 27. Nxd5
exd5 28. Be4 Ne5 29. Rxd5 Ng4 30. Nc5 Qh2+ 31. Kf1 Qh1+ 32. Ke2 Re8 33. b4 Qxg2
34. Kd3 Nxf2+ 35. Kc3 Nxe4+ 36. Nxe4 Qxc2+ 0-1

[Event "Druzynowe Mistrzostwa Polski Juniorow - I Liga 2023"]
[Site "Lublin"]
[Date "1899-12-30"]
[Round "6.27"]
[White "Zalewski, Witold"]
[Black "Pycinski, Wladyslaw"]
[Result "0-1"]
[WhiteTitle "II"]
[BlackTitle "I"]
[WhiteElo "1333"]
[BlackElo "1927"]

1. e4 c5 2. Nc3 Nc6 3. f4 g6 4. Nf3 d6 5. Bb5 Bd7 6. Bxc6 Bxc6 7. O-O Bg7 8. d3
Nf6 9. Qe1 Nd7 10. f5 Ne5 11. Qh4 Qd7 12. Bh6 Nxf3+ 13. Rxf3 Bd4+ 14. Be3 gxf5
15. Rg3 Bxe3+ 16. Rxe3 fxe4 17. Nxe4 O-O-O 18. Rf1 Rdf8 19. Ng5 Rhg8 20. g3 f5
21. c3 e5 22. Re2 Qe7 23. Nf3 Qg7 24. Qh3 Kb8 25. Nh4 f4 26. Nf5 Qd7 0-1

[Event "Druzynowe Mistrzostwa Polski Juniorow - I Liga 2023"]
[Site "Lublin"]
[Date "1899-12-30"]
[Round "6.28"]
[White "Tim, Wojciech"]
[Black "Wons, Krystian"]
[Result "1-0"]
[WhiteTitle "II"]
[BlackTitle "I"]
[WhiteElo "1316"]
[BlackElo "1331"]

1. e4 c6 2. d4 d5 3. Nd2 e6 4. c3 Nf6 5. Bd3 dxe4 6. Nxe4 Nbd7 7. Nf3 Nxe4 8. Bxe4
Nf6 9. Qe2 Nd5 10. O-O Bd6 11. Re1 h6 12. Ne5 Qc7 13. Bxd5 cxd5 14. Bf4 O-O 15.
Qf3 b5 16. Qg3 f6 17. Ng6 Bxf4 18. Nxf4 Qf7 19. Re2 Bd7 20. Rae1 Rfe8 21. Nd3
Rad8 22. Nc5 Bc8 23. Qb8 Ba6 24. Qg3 Bc8 25. Qd3 a6 26. Qg3 Re7 27. Qb8 Rde8 28.
Qd6 e5 29. dxe5 Qh5 30. e6 Qf5 31. h3 g5 32. g4 Qf4 33. Qxd5 Qc7 34. Rd1 Qf4 35.
Qf5 Qc7 36. Qg6+ Kh8 37. Qxf6+ Kg8 38. b4 Rf8 39. Qe5 Qc6 40. Qe4 Qc7 41. Qe5
Qc6 42. Qd5 1-0